00741 a2200385 4500000002100000001000700021005001700028008004100045010000500086020000500091082001900096100002200115110000500137245006000142250000500202260003900207300001000246490000700256500000500263600000500268610000500273611000500278630000500283650000500288651000500293654000500298700000900303710000900312711000500321720000500326730000500331740000500336752000500341856000900346BKB 07052620200902150838.0  a a a338.9414bK52S1 aKhandela, Machand a1 aStrategy for economics developmentcby Machand Khandela a aJaipurbArihant Publicationsc2009 a282p. av a a a a a a a a abc abc a a a a a adf